000 00980nam0a22002891 4500
001 rc\4879327
005 20260406161835.0
021 _aRU
_b[68-98207]
035 _a(NLR Aleph) 008825819
090 _a8250970
_c8250970
100 _a20130426d1968 |||y0rusy50 ca
101 1 _arus
_ccze
102 _aRU
105 _ay z |||||
200 1 _aИзбранная лирика
_eПер. с чеш.
_fСост. Н. Николаева
_gВступ. слово Назыма Хикмета
210 _a[Москва]
_cМол. гвардия
_d1968
215 _a80 с.
_d14
225 1 _aИзбранная зарубежная лирика
700 1 _aНезвал
_bВ.
_f1900-1958
_gВитезслав
702 1 _aНиколаева
_bН.
_4220
702 0 _4080
_8rus
_7ca
_aНазым Хикмет
_f1902-1963
_3RU\NLR\AUTH\778913
_9118792
801 0 _aRU
_bNLR
_gpsbo
801 1 _aRU
_bELAR
_2rusmarc
852 _aNLR
_j69-1/15
942 _cBOOK
980 _aNB